000
00228nam a2200097Ia 4500
008
190216s9999||||xx |||||||||||||| ||und||
100
_a
Cherukad
245
0
_a
Malayalam-Jeevithapatha
260
_b
Shakthi Publication
942
_c
BK
999
_c
30275
_d
30275